| 000 | 00840nam a2200241 i 4500 | ||
|---|---|---|---|
| 001 | 140915 | ||
| 003 | ES-MaACL | ||
| 005 | 20240601063026.0 | ||
| 007 | t| | ||
| 008 | 070918s1975 sp ||||1| spa d | ||
| 080 | _a860 Machado, Antonio 1.06 | ||
| 100 | 0 |
_aYnduráin, Domingo, _d1943-2003 _9117645 |
|
| 245 | 1 | 0 |
_aIdeas recurrentes en Antonio Machado _b: (1898-1907) / _cDomingo Ynduráin ; prólogo de Aurora de Albornoz. |
| 250 | _a[1ª ed.]. | ||
| 260 |
_aMadrid : _bTurner, _c[1975] |
||
| 300 |
_aXIV, 212 p. ; _c21 cm. |
||
| 490 | 1 |
_aEdiciones Turner ; _v22 |
|
| 600 | 1 | 4 |
_aMachado, Antonio, _d1875-1939- _xCrítica e interpretación _975154 |
| 700 | 0 |
_aAlbornoz, Aurora de, _d1926-1990 _919411 |
|
| 830 | 0 |
_aEdiciones Turner ; _v22 _9193602 |
|
| 852 |
_aES-MaACL _jE-9757 _bR.94004 |
||
| 999 |
_c140915 _d140915 |
||